UM Logo

A driving force behind digital transformation/ (Record no. 13498)

MARC details
000 -LEADER
fixed length control field 00388nam a2200121 4500
008 - FIXED-LENGTH DATA ELEMENTS--GENERAL INFORMATION
fixed length control field 190327b ||||| |||| 00| 0 eng d
100 ## - MAIN ENTRY--PERSONAL NAME
9 (RLIN) 37743
Personal name Cruz, Maria Fatima
245 ## - TITLE STATEMENT
Title A driving force behind digital transformation/
Statement of responsibility, etc. Maria Fatima Cruz
260 ## - PUBLICATION, DISTRIBUTION, ETC. (IMPRINT)
Place of publication, distribution, etc. Philippines
Name of publisher, distributor, etc. The Philippine Star
Date of publication, distribution, etc. c2018
300 ## - PHYSICAL DESCRIPTION
Extent page C4.
650 #0 - SUBJECT ADDED ENTRY--TOPICAL TERM
9 (RLIN) 37744
Topical term or geographic name as entry element Technological innovations.
942 ## - ADDED ENTRY ELEMENTS (KOHA)
Source of classification or shelving scheme Dewey Decimal Classification
Koha item type Periodicals

No items available.